<?xml version="1.0" encoding="UTF-8"?>
<record
    xmlns:xsi="http://www.w3.org/2001/XMLSchema-instance"
    xsi:schemaLocation="http://www.loc.gov/MARC21/slim http://www.loc.gov/standards/marcxml/schema/MARC21slim.xsd"
    xmlns="http://www.loc.gov/MARC21/slim">

  <leader>00579nam a2200205Ia 4500</leader>
  <controlfield tag="001">12696</controlfield>
  <controlfield tag="003">GE_BSU</controlfield>
  <controlfield tag="008">181216s||||||||xx |||||||||||||| ||und||</controlfield>
  <datafield tag="040" ind1=" " ind2=" ">
    <subfield code="c">GE_BSU</subfield>
  </datafield>
  <datafield tag="080" ind1=" " ind2=" ">
    <subfield code="a">633.11</subfield>
  </datafield>
  <datafield tag="245" ind1=" " ind2=" ">
    <subfield code="a">&#x41C;&#x438;&#x440;&#x43E;&#x43D;&#x43E;&#x432;&#x441;&#x43A;&#x438;&#x435; &#x43F;&#x448;&#x435;&#x43D;&#x438;&#x446;&#x44B;</subfield>
  </datafield>
  <datafield tag="245" ind1=" " ind2=" ">
    <subfield code="c">&#x41F;&#x43E;&#x434;.&#x43E;&#x431;&#x449;.&#x440;&#x435;&#x434;.&#x412;.&#x41D;.&#x420;&#x435;&#x43C;&#x435;&#x441;&#x43B;&#x43E;.[ &#x420;&#x435;&#x434;.&#x415;.&#x421;.&#x41C;&#x43E;&#x43D;&#x43E;&#x432;&#x430;. &#x425;&#x443;&#x434;.&#x414;.&#x410;.&#x418;&#x441;&#x430;&#x435;&#x432;]</subfield>
  </datafield>
  <datafield tag="260" ind1=" " ind2=" ">
    <subfield code="a">&#x41C;&#x43E;&#x441;&#x43A;&#x432;&#x430;</subfield>
  </datafield>
  <datafield tag="260" ind1=" " ind2=" ">
    <subfield code="b">&#x41A;&#x43E;&#x43B;&#x43E;&#x441;</subfield>
  </datafield>
  <datafield tag="260" ind1=" " ind2=" ">
    <subfield code="c">1972</subfield>
  </datafield>
  <datafield tag="300" ind1=" " ind2=" ">
    <subfield code="a">287&#x441;&#x442;&#x440;.21&#x441;&#x43C;.&#x438;&#x43B;&#x43B;.</subfield>
  </datafield>
  <datafield tag="300" ind1=" " ind2=" ">
    <subfield code="e">&#x422;&#x430;&#x431;&#x43B;&#x438;&#x446;&#x44B;</subfield>
  </datafield>
  <datafield tag="653" ind1=" " ind2=" ">
    <subfield code="a">&#x41C;&#x438;&#x440;&#x43E;&#x43D;&#x43E;&#x432;&#x441;&#x43A;&#x438;&#x435; &#x43F;&#x448;&#x435;&#x43D;&#x438;&#x446;&#x44B;</subfield>
  </datafield>
  <datafield tag="942" ind1=" " ind2=" ">
    <subfield code="c">BK</subfield>
  </datafield>
  <datafield tag="999" ind1=" " ind2=" ">
    <subfield code="c">45867</subfield>
    <subfield code="d">45867</subfield>
  </datafield>
  <datafield tag="952" ind1=" " ind2=" ">
    <subfield code="0">0</subfield>
    <subfield code="1">0</subfield>
    <subfield code="4">0</subfield>
    <subfield code="7">0</subfield>
    <subfield code="9">60171</subfield>
    <subfield code="d">2018-12-17</subfield>
    <subfield code="p">20552</subfield>
    <subfield code="r">2018-12-17</subfield>
    <subfield code="w">2018-12-17</subfield>
    <subfield code="y">BK</subfield>
  </datafield>
</record>
